Statistics for Death Note Character Quiz (HARD)

Click here to take the quiz!

General Stats

  • This quiz has been taken 333 times
  • The average score is 15 of 35

Answer Stats

DescriptionName% Correct
Master detectiveL
100%
The main character, also known as KiraLight Yagami
99%
Shinigami, drops Death Note in human worldRyuk
93%
Obsessively crushes on KiraMisa Amane
84%
L's predecessor, investigates KiraNear
78%
L's predecessor, loves chocolateMello
77%
Real name of the aboveL Lawliet
73%
Task Force - young, foolish, inferiorisedMatsuda
73%
Real name is Quillish WammyWatari
72%
Real name of aboveNate River
52%
FBI agent, investigates Kira before his deathRaye Penber
51%
Younger sister of main characterSayu Yagami
50%
Fanatical supporter of Kira, "fourth Kira"Teru Mikami
48%
Task Force - becomes head of NPAAizawa
46%
Boyfriend of the aboveNaomi Misora
44%
Task Force - poses as Misa's managerMogi
41%
Mother of main characterSachiko Yagami
38%
Real name of aboveMihael Keehl
37%
Task Force - head, main character's fatherChief Yagami
35%
Kira's ex-girlfriendKiyomi Takada
35%
Third Kira, member of Yotsuba GroupKyosuke Higuchi
32%
Cohort of Mello, smokes a lotMatt
30%
Task Force - killed by MisaUkita
28%
Female criminal and cohort of LWedy
22%
Male criminal and cohort of LAiber
21%
Criminal, poses as L to help capture KiraLind L Tailor
19%
Director of Sakura TVHitoshi Demegawa
18%
Shinigami, Death Note is stolen by RyukSidoh
18%
Female ShinigamiRemu
16%
SPK - follows MikamiStephen Gevanni
16%
SPK - Second-in-commandCommander Anthony Rester
9%
SPK - former CIA memberHalle Lidner
9%
Acts as manager of Wammy's HouseRoger Ruvie
5%
Right-hand man of Shinigami kingArmonia Justin Beyondormason
2%
Head of FBI, diesSteve Mason
2%

Score Distribution

Percentile by Number Answered

Percent of People with Each Score

Your Score History

You have not taken this quiz